00898nam a2200313 i 4500001000900000003000900009005001700018007000900035008003900044015000600083016001600089017000900105020001500114040002500129080000600154082001800160100002300178240003500201245011500236250001300351260002700364300002700391490002000418650003300438650003300471700002300504700003700527830002000564 0060435DO-SdBNP20180214111012.0 0060435891205s1998 sp spa  a 7 a z 2BPMSU a b  a8420733776 aBPMSUbspacBPMSUe  a  4a823.91bW516c1 aWest, Colind1939- aThe king of kennelwick castle.13aEl castillo del rey Sisebuto /h c Colin West ; ilustraciones de Ann Dalton ; traducción, Juan Manuel Ibeas a5a. ed. 1 aMadrid :bAnaya,c1998 a[24] p.:bil. ;c24 cm aFácil de leer aCUNETOS INFANTILES INGLESES  aLITERATURA INFANTIL INGLESA 1 aDalton, Anneeil. 1 aIbeas Delgado, Juan Manueletr.  aFácil de leer